Madar. Látnivalók
Salvato in:
| Natura: | Libro |
|---|---|
| Pubblicazione: |
Komárňanské tlačiarne,
1996
|
| Soggetti: | |
| Tags: |
Nessun Tag, puoi essere il primo ad aggiungerne!!
|
MARC
| LEADER | 00000nam a22000003a 4500 | ||
|---|---|---|---|
| 001 | stu123513 | ||
| 005 | 20141122151340.7 | ||
| 008 | 060718s1996----------------------------d | ||
| 020 | |a 80-88804-38-8 | ||
| 040 | |a STU |b slo | ||
| 041 | 0 | ||
| 245 | |a Madar. Látnivalók | ||
| 260 | |b Komárňanské tlačiarne, |c 1996 | ||
| 300 | |a 16 s | ||
| 650 | 7 | |a Modrany |2 stusub | |
| 996 | |b 284AB00540 |c A*562 B |l AAKNAR |s A |a 24 |w stu123513_0001 | ||